000 00535nam a2200193Ia 4500
003 OSt
005 20250214113055.0
008 210210b1937 xxu||||| |||| 00| 0 eng d
040 _cAL
041 _ahin
082 _a868/33
100 _aPANDEY (Ganesh)
_9199668
110 _b पांडेय गणेश
_9199669
245 _aRamakrishna paramhans:
_bरामकृष्ण परमहंस
260 _aPrayag
_bChatrhitakari Pustakmala
_c1937
690 _aBiography
_9199670
906 _a023758
942 _2ddc
_cBK
999 _c148723
_d148723